000 00793nam a2200229Ia 4500
001 8856
003 GE_BSU
008 181216s||||||||xx |||||||||||||| ||und||
040 _cGE_BSU
080 _a821.353.1-193.3
100 _aკალანდია,გენო
245 _aსონეტები სიყვარულზე,პირამიდა და სხვა ლექსები
245 _cრედ. ლეილა მესხი
260 _aთბილისი
260 _bმერანი
260 _c1991
300 _a200გვ.16სმ.
653 _aლექსები
653 _aპირამიდა და სხვა ლექსები
653 _aსონეტები სიყვარულზე
942 _cBK
999 _c42163
_d42163